| 000 | 01499cam a2200253 4500 | ||
|---|---|---|---|
| 001 | ABS63593 | ||
| 008 | 000000n2000 000 0 eng u | ||
| 035 | _a(Sirsi) u110880 | ||
| 245 | _aPride Valley Foods Ltd v Hall and Partners (Contract Management) Ltd | ||
| 260 | _c2000 | ||
| 490 |
_aConstruction Law Journal _v[2000] 16 Const.L.J. 6, 424-449(25) |
||
| 520 | _aTCC 5 April 2000. Action by the claimant P against the defendant project managers for neligence, arising out of the loss of P's bakery. P alleged H had not fulfilled their duty of care to warn of potential fire hazards in the use of expanded polystyrene panels (ESP). P chose them because the panels were significantly cheaper than the material suggested by H. H conceded it was aware of the combustibility of ESP panels, but maintained that they had P appropriately and their advice was ignored. H had failed in their duty to advise P sufficiently of placing ovens next to ESP panels. However it was found P woud have disregarded that advice unless supported by a requirement from the planning or fire authorities, or his insurers. "Held" action dismissed. | ||
| 590 | _aABS | ||
| 650 | _aPRIDE VALLEY FOODS V HALL & PARTNERS | ||
| 650 | _aNEGLIGENCE | ||
| 650 | _aDUTY OF CARE | ||
| 650 | _aPROJECT MANAGERS | ||
| 650 | _aDUTY TO WARN | ||
| 650 | _aQUANTITY SURVEYORS | ||
| 650 | _aFIRE HAZARDS | ||
| 650 | _aEXPANDED POLYSTYRENE PANELS | ||
| 690 | _aPROFESSIONAL PRACTICE-NEGLIGENCE-CASE LAW | ||
| 942 | _n0 | ||
| 999 |
_c66099 _d66099 |
||